| 000 | 00362nam a2200145Ia 4500 | ||
|---|---|---|---|
| 005 | 20250314015114.0 | ||
| 008 | 240331s9999 xx 000 0 und d | ||
| 082 |
_bDAN _a894 |
||
| 100 | _aDaniel, K | ||
| 245 | 0 | _aAdimaikal | |
| 260 |
_aChennai _bAlaikal Veliyitagam _c1995 |
||
| 300 | _a272 p ., | ||
| 500 | _aA novel About 1890 - 1956 Women's | ||
| 942 | _cL | ||
| 999 |
_c3977 _d3977 |
||